|
|
|
|
| LEADER |
00000nam0a2200000 4500 |
| 001 |
112310 |
| 005 |
20231031121419.0 |
| 035 |
|
|
|a (RuTPU)RU\TPU\book\121416
|
| 090 |
|
|
|a 112310
|
| 100 |
|
|
|a 20070326d1971 km y0rusy50 ca
|
| 101 |
0 |
|
|a rus
|
| 102 |
|
|
|a RU
|
| 105 |
|
|
|a a z 001zy
|
| 200 |
1 |
|
|a Справочник пилота и штурмана гражданской авиации
|f Г. В. Марков, Л. А. Острогский
|
| 205 |
|
|
|a 2-е изд., перераб. и доп.
|
| 210 |
|
|
|a Москва
|c Транспорт
|d 1971
|
| 215 |
|
|
|a 328 с.
|c ил.
|
| 320 |
|
|
|a Предметный указатель: с. 318-323.
|
| 610 |
1 |
|
|a гражданская авиация
|
| 610 |
1 |
|
|a воздушный флот
|
| 610 |
1 |
|
|a аэронавигация
|
| 610 |
1 |
|
|a аэродинамика
|
| 610 |
1 |
|
|a картография
|
| 610 |
1 |
|
|a самолетовождение
|
| 610 |
1 |
|
|a радиолокаторы
|
| 610 |
1 |
|
|a аварийно-спасательное оборудование
|
| 610 |
1 |
|
|a справочники
|
| 675 |
|
|
|a 629.73.07(035)
|v 3
|
| 700 |
|
1 |
|a Марков
|b Г. В.
|g Георгий Вениаминович
|
| 701 |
|
1 |
|a Острогский
|b Л. А.
|g Лев Александрович
|
| 801 |
|
1 |
|a RU
|b 63413507
|c 20070326
|g PSBO
|
| 801 |
|
2 |
|a RU
|b 63413507
|c 20080125
|g PSBO
|
| 942 |
|
|
|c BK
|